| 000 | 01049nam a2200217 a 4500 | ||
|---|---|---|---|
| 999 |
_c10300 _d10300 |
||
| 001 | 10300 | ||
| 003 | BD-JhCC | ||
| 005 | 20180423182132.0 | ||
| 008 | 180423s2016 bg |||| |||| 000 0 ben d | ||
| 035 | _a(BD-JhCC)10300 | ||
| 040 |
_aBD-JhCC _dBD-JhCC |
||
| 041 | _aben | ||
| 082 |
_bABU 2016 _a297.1226 |
||
| 100 | _aআবুসুলায়মান, আব্দুলহামিদ আহমদ | ||
| 245 |
_aকুরঅানের বিশ্বদর্শন : _bসাংস্কৃতিক সংস্কারের প্রধান অবলম্বন / _cআব্দুলহামিদ আহমদ আবুসুলায়মান, এম রুহুল আমিন (অনুবাদক) |
||
| 260 |
_aঢাকা : _bবাংলাদেশ ইনস্টিটিউট অব ইসলামিক থ্যট (বিআইআইটি), _c২০১৬. |
||
| 300 |
_a২৮ পৃ. : _c১৯ সেমি. |
||
| 650 | _aAl-Quran | ||
| 700 | _aআমিন, এম রুহুল | ||
| 942 |
_2ddc _cBK |
||